[Event "Irkutsk-ch"]
[Site "Irkutsk"]
[Date "2017.02.12"]
[Round "3"]
[White "Kupriyanov, Mikhail"]
[Black "Sorokovikov, Vasily"]
[Result "1-0"]
[WhiteElo "2030"]
[BlackElo "1578"]
[PlyCount "89"]
[EventDate "2017.02.04"]
[EventType "swiss"]
[EventRounds "9"]
[EventCountry "RUS"]
[SourceTitle "CBM 177 Extra"]
[Source "ChessBase"]
[SourceDate "2017.04.27"]
[SourceVersion "1"]
[SourceVersionDate "2017.04.27"]
[SourceQuality "1"]

1. Nf3 Nf6 2. g3 b6 3. Bg2 Bb7 4. 0-0 e6 5. d4 d5 6. c4 Be7 7. Nc3 0-0 8. Ne5 Nbd7 9. Qa4 Nxe5 10. dxe5 Nd7 11. cxd5 Nc5 12. Qg4 Kh8 13. b4 Nd7 14. d6 Bxg2 15. dxe7 Qxe7 16. Kxg2 Nxe5 17. Qe4 f6 18. Bf4 Ng6 19. Nb5 e5 20. Bd2 a6 21. Nc3 Rad8 22. Qc2 Qd7 23. Rad1 Qg4 24. Qe4 Qe6 25. Bc1 f5 26. Qc2 Qc6+ 27. Kg1 Rd4 28. Qb3 Rc4 29. Bb2 h5 30. Nd5 b5 31. Ne3 Re4 32. f3 Rxe3 33. Qxe3 f4 34. Qc5 Qe6 35. Kg2 fxg3 36. hxg3 Qxa2 37. Rd2 Qe6 38. Rh1 Qf5 39. Rd5 Re8 40. e4 Qg5 41. Bc1 Qf6 42. Rxh5+ Kg8 43. Rf5 Qb6 44. Be3 a5 45. Qxb5 1-0

[Event "Irkutsk Region-ch sf3"]
[Site "Irkutsk"]
[Date "2014.08.11"]
[Round "8"]
[White "Sorokovikov, Vasily"]
[Black "Zubakin, Leonid"]
[Result "1-0"]
[WhiteElo "1656"]
[BlackElo "1482"]
[PlyCount "61"]
[EventDate "2014.08.04"]
[EventType "swiss"]
[EventRounds "9"]
[EventCountry "RUS"]
[SourceTitle "EXT 2016"]
[Source "ChessBase"]
[SourceDate "2015.10.08"]
[SourceVersion "1"]
[SourceVersionDate "2015.10.08"]
[SourceQuality "1"]

1. d4 d5 2. Nf3 Nf6 3. b3 Bf5 4. Bb2 e6 5. Nbd2 c5 6. e3 a6 7. c4 Nc6 8. Nh4 Bg6 9. Nxg6 hxg6 10. Bd3 Rc8 11. Rc1 Bd6 12. h3 cxd4 13. exd4 Nh5 14. cxd5 exd5 15. Qe2+ Kf8 16. Qf3 Nf4 17. Bb1 Qe8+ 18. Kd1 Nb4 19. Rxc8 Qxc8 20. a3 Nc6 21. Re1 g5 22. Nf1 g6 23. Ne3 Ne7 24. b4 Qd7 25. Bc2 Kg7 26. Ng4 f5 27. Ne5 Qc7 28. Nd3 Rc8 29. Nc5 b6 30. g3 bxc5 31. dxc5+ 1-0

[Event "Irkutsk Region-ch sf3"]
[Site "Irkutsk"]
[Date "2014.08.05"]
[Round "2"]
[White "Kuzmin, Andrey"]
[Black "Sorokovikov, Vasily"]
[Result "1-0"]
[WhiteElo "1776"]
[BlackElo "1656"]
[PlyCount "45"]
[EventDate "2014.08.04"]
[EventType "swiss"]
[EventRounds "9"]
[EventCountry "RUS"]
[SourceTitle "EXT 2016"]
[Source "ChessBase"]
[SourceDate "2015.10.08"]
[SourceVersion "1"]
[SourceVersionDate "2015.10.08"]
[SourceQuality "1"]

1. e4 d6 2. Nc3 Nf6 3. g3 g6 4. Bg2 Bg7 5. Nge2 0-0 6. 0-0 e5 7. d3 Be6 8. f4 c6 9. h3 Na6 10. g4 Kh8 11. f5 gxf5 12. g5 Ng8 13. exf5 Bd7 14. f6 Nxf6 15. gxf6 Bxf6 16. Ne4 Be7 17. Bh6 Rg8 18. Rxf7 Bxh3 19. N2g3 Bxg2 20. Kxg2 d5 21. Qh5 dxe4 22. Rxh7+ Kxh7 23. Bf8# 1-0

[Event "Irkutsk Region-ch sf3"]
[Site "Irkutsk"]
[Date "2014.08.04"]
[Round "1"]
[White "Sorokovikov, Vasily"]
[Black "Vorobiev, Nikolay"]
[Result "0-1"]
[WhiteElo "1656"]
[BlackElo "1978"]
[PlyCount "86"]
[EventDate "2014.08.04"]
[EventType "swiss"]
[EventRounds "9"]
[EventCountry "RUS"]
[SourceTitle "EXT 2016"]
[Source "ChessBase"]
[SourceDate "2015.10.08"]
[SourceVersion "1"]
[SourceVersionDate "2015.10.08"]
[SourceQuality "1"]

1. d4 Nf6 2. Nc3 d5 3. Bf4 Bf5 4. Nb5 Na6 5. e3 c6 6. Nc3 Nc7 7. Bd3 Bxd3 8. Qxd3 e6 9. Nf3 Bb4 10. a3 Bd6 11. Bg5 h6 12. Bxf6 Qxf6 13. e4 Qg6 14. g3 0-0 15. 0-0-0 b5 16. Nh4 Qh7 17. e5 Be7 18. Ng2 b4 19. axb4 Bxb4 20. Na4 Rfb8 21. c3 Be7 22. Qxh7+ Kxh7 23. Kc2 Rb5 24. f4 Rab8 25. h4 Na6 26. b4 Nxb4+ 27. cxb4 Rxb4 28. Rb1 Rc4+ 29. Kd3 Rxb1 30. Rxb1 Rxa4 31. Rb7 Bb4 32. Rxf7 Ra3+ 33. Ke2 a5 34. f5 Rxg3 35. Kf2 Rg4 36. f6 Kg8 37. Rc7 gxf6 38. exf6 Rxd4 39. Rg7+ Kf8 40. Kf3 e5 41. h5 a4 42. Kg3 a3 43. Nh4 Be1+ 0-1

[Event "Irkutsk-ch"]
[Site "Irkutsk"]
[Date "2014.02.06"]
[Round "2"]
[White "Sorokovikov, Vasily"]
[Black "Sidorov, Anton"]
[Result "0-1"]
[WhiteElo "1682"]
[BlackElo "1937"]
[PlyCount "62"]
[EventDate "2014.02.02"]
[EventType "swiss"]
[EventRounds "9"]
[EventCountry "RUS"]
[SourceTitle "CBM 159 Extra"]
[Source "ChessBase"]
[SourceDate "2014.04.24"]
[SourceVersion "1"]
[SourceVersionDate "2014.04.24"]
[SourceQuality "1"]

1. d4 Nf6 2. c4 g6 3. Nc3 Bg7 4. e4 d6 5. Be2 0-0 6. g4 c5 7. g5 Ne8 8. d5 e6 9. Bd2 exd5 10. cxd5 Nc7 11. h4 Re8 12. Qc2 a6 13. h5 b5 14. hxg6 fxg6 15. 0-0-0 b4 16. Na4 Nb5 17. Nf3 Bg4 18. Rh2 Nd7 19. Rdh1 Nf8 20. Ng1 Nd4 21. Qd3 c4 22. Qe3 Bd7 23. Bd1 Qa5 24. b3 Bxa4 25. bxa4 c3 26. Be1 c2 27. Be2 Qxa4 28. Bc4 Rac8 29. Bb3 Nxb3+ 30. Qxb3 Qxb3 31. axb3 Bb2+ 0-1

[Event "Irkutsk-ch otbor"]
[Site "Irkutsk"]
[Date "2013.11.28"]
[Round "4"]
[White "Gayanov, Khalil"]
[Black "Sorokovikov, Vasily"]
[Result "0-1"]
[WhiteElo "1834"]
[BlackElo "1691"]
[PlyCount "140"]
[EventDate "2013.11.17"]
[EventType "swiss"]
[EventRounds "9"]
[EventCountry "RUS"]
[SourceTitle "EXT 2016"]
[Source "ChessBase"]
[SourceDate "2015.10.08"]
[SourceVersion "1"]
[SourceVersionDate "2015.10.08"]
[SourceQuality "1"]

1. d4 Nf6 2. c4 e6 3. Nc3 d5 4. Nf3 c6 5. e3 Nbd7 6. a3 Bd6 7. Bd3 dxc4 8. Bxc4 Nd5 9. Bd2 0-0 10. Qc2 Re8 11. 0-0 h6 12. Ne2 b6 13. e4 Ne7 14. e5 Bc7 15. Ng3 Bb7 16. Qe4 Nf8 17. Rad1 Nd5 18. Nh5 Rc8 19. Qg4 Ng6 20. Bd3 Nde7 21. Nh4 Kh7 22. Bb4 Nf5 23. Nxf5 exf5 24. Bxf5 Qg5 25. Qxg5 hxg5 26. Bxc8 Bxc8 27. Ng3 Be6 28. Ne4 Kh6 29. Bd2 Bd8 30. g3 Be7 31. h4 f6 32. hxg5+ fxg5 33. f4 gxf4 34. gxf4 Bf5 35. Ng3 Nh4 36. Rf2 Kg6 37. Nxf5 Kxf5 38. Rc1 c5 39. d5 Ke4 40. d6 Bd8 41. Rc3 Nf5 42. Rg2 Nd4 43. Kf1 Ne6 44. Rh3 a5 45. Rgh2 b5 46. Rh8 Rxh8 47. Rxh8 b4 48. Rh3 Kf5 49. Ke1 Kg4 50. Rh8 Bh4+ 51. Kd1 Bd8 52. Ke2 bxa3 53. bxa3 a4 54. Kd3 Kf5 55. Kc4 g5 56. Kd5 gxf4 57. Re8 f3 58. Rxe6 f2 59. Ba5 f1Q 60. Rf6+ Bxf6 61. exf6 Qd3+ 62. Kxc5 Ke6 63. Bc7 Qxa3+ 64. Kc6 Qf3+ 65. Kb6 a3 66. Ka7 a2 67. Kb8 Kd7 68. Bd8 Kxd8 69. f7 Qxf7 70. d7 Qxd7 0-1

[Event "Irkutsk-ch otbor"]
[Site "Irkutsk"]
[Date "2013.11.24"]
[Round "3"]
[White "Sorokovikov, Vasily"]
[Black "Zubakin, Leonid"]
[Result "1-0"]
[WhiteElo "1691"]
[BlackElo "1467"]
[PlyCount "51"]
[EventDate "2013.11.17"]
[EventType "swiss"]
[EventRounds "9"]
[EventCountry "RUS"]
[SourceTitle "EXT 2016"]
[Source "ChessBase"]
[SourceDate "2015.10.08"]
[SourceVersion "1"]
[SourceVersionDate "2015.10.08"]
[SourceQuality "1"]

1. Nf3 d5 2. d4 Nc6 3. g3 Bg4 4. Bg2 Nf6 5. 0-0 Qd7 6. Ne5 Qe6 7. Nxg4 Nxg4 8. c4 Qf6 9. e3 h5 10. Bxd5 g5 11. Nc3 e6 12. Bg2 0-0-0 13. Bxc6 bxc6 14. Qa4 Kd7 15. d5 exd5 16. cxd5 Bd6 17. Qxc6+ Ke7 18. Bd2 h4 19. Nb5 hxg3 20. fxg3 Qh6 21. h4 gxh4 22. Nxd6 cxd6 23. Qc7+ Rd7 24. Rxf7+ Kxf7 25. Qxd7+ Kg8 26. Qxg4+ 1-0